Martin Scorsese, the first decade /

Bibliographic Details
Main Author: Kelly, Mary Pat
Other Authors: Scorsese, Martin
Format: Book
Language:English
Published: Pleasantville, N.Y. : Redgrave Pub. Co., [1980]
Subjects:

MARC

Tag First Indicator Second Indicator Subfields
LEADER 00000cam a2200000 a 4500
001 in00000103483
005 20150929180435.0
008 810522s1980 nyuac b 00010 eng
010 |a  81124298  
020 |a 0913178675 (pbk.) 
035 |a (OCoLC)07189340 
035 |9 AAN2706AM 
039 0 |a 2  |b 3  |c 3  |d 3  |e 3 
040 |a DLC  |c DLC  |d TXA  |d UtOrBLW 
049 |a TXAM  |c [1117233] 
050 0 0 |a PN1998 A3  |b  S3485 
082 0 |a 791.43/0233/0924  |2 19 
100 1 |a Kelly, Mary Pat. 
245 1 0 |a Martin Scorsese, the first decade /  |c Mary Pat Kelly ; [introduced by Francis Ford Coppola and Michael Powell]. 
264 1 |a Pleasantville, N.Y. :  |b Redgrave Pub. Co.,  |c [1980] 
264 4 |c ©1980 
300 |a x, 206 pages :  |b illustrations, portraits ;  |c 22 cm. 
336 |a text  |b txt  |2 rdacontent 
337 |a unmediated  |b n  |2 rdamedia 
338 |a volume  |b nc  |2 rdacarrier 
504 |a Filmography: pages 197-202. 
600 1 0 |a Scorsese, Martin. 
700 1 |a Scorsese, Martin. 
999 |a MARS 
999 f f |s ba718b18-ac71-3fda-9ff5-78c84ddea62a  |i 9b4fc8ec-ad5d-3219-a193-1fafdb47638b  |t 0 
952 f f |p ric  |a Texas A&M University  |b Rellis Campus  |c Joint Library Facility  |d Remote Storage  |t 0  |e PN1998 A3 S3485  |h Library of Congress classification  |i unmediated -- volume  |m A14806276656 
998 f f |a PN1998 A3 S3485  |t 0  |l Remote Storage